000 00977nam a2200253 4500
001 76864
003 BD-RjUL
005 20211209082910.0
008 200128s2018 bg ||||| |||| 00| 0|ben d
020 _a9789843439734
_c: Tk. 450.00
035 _a(BD-RjUL)77081
040 _aBD-RjUL
_bben/eng
_cBD-RjUL
041 _aben
082 _223
_a297.5
_bSAS 2018
100 1 _aছালাম, এস. এম. আব্দুছ
_9238511
245 1 0 _aসুন্নাতী জীবন /
_cএস. এম. আব্দুছ ছালাম
250 _a১ম সং
260 _aরাজশাহী:
_bছালেহা পাবলিকেশন্স,
_c২০১৮
300 _a৭৮৪ পৃ. ;
_c২২ সেমি.
504 _aগ্রন্থপঞ্জি: পৃ. ৩১৬-৩১৯
650 _aজীবন
_xধর্মীয় দিক
_xইসলাম
_9238512
650 _aLife
_xReligious aspects
_xIslam
_9238513
942 _2ddc
_cBK
999 _c76864
_d76864